| 000 | 00816nam a22002417a 4500 | ||
|---|---|---|---|
| 003 | 0 | ||
| 005 | 20251009155941.0 | ||
| 008 | 251009b xxu||||| |||| 00| 0 eng d | ||
| 020 | _a978-1-284-25561-4 | ||
| 050 |
_aRB 113 _b.D58 2024 |
||
| 100 |
_aDlugasch, Lucie, _eauthor. |
||
| 245 |
_aApplied pathophysiology for the advanced practice nurse / _cLucie Dlugasch and Lachel Story. |
||
| 250 | _aSecond edition. | ||
| 260 |
_aBurlington, MA : _bWorld Headquarters, Jones & Barlett Learning, _c2024. |
||
| 300 |
_axv, 800 pages : _bcolored illustrations ; _c28 cm. |
||
| 504 | _aIncludes bibliographical references and index. | ||
| 650 | _aPathology. | ||
| 650 | _aPhysiology. | ||
| 650 | _aAdvanced Practice Nursing. | ||
| 650 | _aNurses Instruction. | ||
| 700 |
_aStory, Lachel, _eauthor. |
||
| 942 |
_2lcc _cBK |
||
| 999 |
_c368214 _d368214 |
||